• 首页
  • 本馆介绍
  • 公告通知
  • 最新文献
  • 馆藏检索
  • 电子资源
  • 读者导购
  • 参考咨询
  • 我的图书馆
  • 登录
  • 详细信息显示
  • 放入我的书架
  • 预约/预借图书
  • 作者相关作品
  • 分类相关作品
  • 丛书相关作品
  • 出版社相关作品

书目信息

  • 表格格式
  • 工作单格式
  • 卡片格式
题名:
给快节奏时代的简单哲学
    
 
作者: 斯蒂芬 著 ;王亚庆 译
分册:  
出版信息: 成都   四川文艺出版社  2020.02
页数: 193页
开本: 21cm
丛书名:
单 册:
中图分类: B-49
科图分类:
主题词: 哲学--通俗读物
电子资源:
ISBN: 978-7-5411-5595-6
000 01154nam0 2200289 450
001 003918698
005 20201027100014.52
010    @a978-7-5411-5595-6@dCNY39.80
039    @aA310000SHL@bUCS01003918698@c1103663971
100    @a20200330d2020 em y0chiy50 ea
101 1  @achi@ceng
102    @aCN@b510000
105    @ay z 001yy
106    @ar
200 1  @a给快节奏时代的简单哲学@9gei kuai jie zou shi dai de jian dan zhe xue@b专著@f(英)阿兰·斯蒂芬著@g王亚庆译
210    @a成都@c四川文艺出版社@d2020.02
215    @a193页@d21cm
312    @a封面题英文题名:Philosophy for busy people
330    @a本书作者阿兰·斯蒂芬是英国知名学者,他以人们普遍关心的幸福、科学、未来等主题作为切入点,结合快节奏时代下的现代人阅读习惯,从对世间万物的认知与思考,到个体生命存在的方式与意义,逐步探寻哲学的意义,教会读者如何运用哲学,找到自由与幸福的真谛。
333    @a哲学爱好者
510 1  @aPhilosophy for busy people@zeng
606 0  @a哲学@j通俗读物
690    @aB-49@v5
701  0 @c(英)@a斯蒂芬@9si di fen@c(Stephen, Alain)@4著
702  0 @a王亚庆@9wang ya qing@4译
801  0 @aCN@b人天书店@c20200330
905    @b1296721-24@dB-49@e102@f4
    
    给快节奏时代的简单哲学/(英)阿兰·斯蒂芬著/王亚庆译.-成都:四川文艺出版社,2020.02
    193页;21cm
    使用对象:哲学爱好者
    
    ISBN 978-7-5411-5595-6:CNY39.80
    本书作者阿兰·斯蒂芬是英国知名学者,他以人们普遍关心的幸福、科学、未来等主题作为切入点,结合快节奏时代下的现代人阅读习惯,从对世间万物的认知与思考,到个体生命存在的方式与意义,逐步探寻哲学的意义,教会读者如何运用哲学,找到自由与幸福的真谛。
●
相关链接 在E读中查询图书 在五车中查询图书 在当当中查询图书 在豆瓣中查询图书


正题名:给快节奏时代的简单哲学     索取号:B-49/102         预约/预借

序号 登录号 条形码 馆藏地/架位号 状态 备注
1 1296721   212967217   第一样本阅览室/ [索取号:B-49/102] 在馆    
2 1296722   212967226   第一借阅区/ [索取号:B-49/102] 在馆    
3 1296723   212967235   第一借阅区/ [索取号:B-49/102] 在馆    
4 1296724   212967244   第一借阅区/ [索取号:B-49/102] 在馆    
唐山师范学院图书馆 欢迎您!
大连网信软件有限公司© 版权所有